<?xml version="1.0" encoding="UTF-8"?>
<record
    xmlns:xsi="http://www.w3.org/2001/XMLSchema-instance"
    xsi:schemaLocation="http://www.loc.gov/MARC21/slim http://www.loc.gov/standards/marcxml/schema/MARC21slim.xsd"
    xmlns="http://www.loc.gov/MARC21/slim">

  <leader>00768naa a2200217 a 4500</leader>
  <controlfield tag="001">81755</controlfield>
  <controlfield tag="003">BD-RjUL</controlfield>
  <controlfield tag="005">20230823154246.0</controlfield>
  <controlfield tag="008">230823s1963    p  ||||| |||| 00| 0cu   d</controlfield>
  <datafield tag="035" ind1=" " ind2=" ">
    <subfield code="a">(BD-RjUL)81755</subfield>
  </datafield>
  <datafield tag="040" ind1=" " ind2=" ">
    <subfield code="a">BD-RjUL</subfield>
    <subfield code="b">eng</subfield>
    <subfield code="c">BD-RjUL</subfield>
  </datafield>
  <datafield tag="041" ind1=" " ind2=" ">
    <subfield code="a">urd</subfield>
  </datafield>
  <datafield tag="082" ind1=" " ind2=" ">
    <subfield code="2">23</subfield>
    <subfield code="a">332.1092</subfield>
    <subfield code="b">ABH 1963</subfield>
  </datafield>
  <datafield tag="100" ind1=" " ind2=" ">
    <subfield code="a">Abdul Latif,  Md.</subfield>
    <subfield code="9">8508</subfield>
  </datafield>
  <datafield tag="245" ind1="1" ind2="0">
    <subfield code="a">&#x62D;&#x64A;&#x627;&#x62A; &#x645;&#x631;&#x627;&#x62A;&#x628; : &#x62D;&#x64A;&#x627;&#x62A; &#x648; &#x633;&#x64A;&#x631;&#x62A; &#x633;&#x631; &#x633;&#x64A;&#x62F; &#x645;&#x631;&#x627;&#x62A;&#x628; &#x639;&#x644;&#x649;   ;;  &#x1E24;ay&#x101;t-i Mar&#x101;tib : &#x1E25;ay&#x101;t o s&#x12B;rat-i Sar Sayyid Mar&#x101;tib &#x2BB;Al&#x12B; /</subfield>
    <subfield code="c">t&#x101;l&#x12B;f Mu&#x1E25;ammad &#x2BB;Abdullat&#x324;&#x12B;f., &#x645;&#x62D;&#x645;&#x62F; &#x639;&#x628;&#x62F;&#x627;&#x644;&#x644;&#x637;&#x64A;&#x641;.</subfield>
  </datafield>
  <datafield tag="260" ind1=" " ind2=" ">
    <subfield code="a">Lahore :</subfield>
    <subfield code="b">Tabaat, </subfield>
    <subfield code="c">1963</subfield>
  </datafield>
  <datafield tag="300" ind1=" " ind2=" ">
    <subfield code="a">229+40+37p. :</subfield>
    <subfield code="c">23 cm</subfield>
    <subfield code="b">ill. ;</subfield>
  </datafield>
  <datafield tag="650" ind1=" " ind2=" ">
    <subfield code="a">Bankers</subfield>
    <subfield code="9">8509</subfield>
  </datafield>
  <datafield tag="650" ind1=" " ind2=" ">
    <subfield code="a">Bankers</subfield>
    <subfield code="v">Biography</subfield>
    <subfield code="z"> Pakistan</subfield>
    <subfield code="9">8510</subfield>
  </datafield>
  <datafield tag="942" ind1=" " ind2=" ">
    <subfield code="2">ddc</subfield>
    <subfield code="c">BK</subfield>
  </datafield>
  <datafield tag="999" ind1=" " ind2=" ">
    <subfield code="c">81755</subfield>
    <subfield code="d">81755</subfield>
  </datafield>
  <datafield tag="952" ind1=" " ind2=" ">
    <subfield code="0">0</subfield>
    <subfield code="1">0</subfield>
    <subfield code="2">ddc</subfield>
    <subfield code="4">0</subfield>
    <subfield code="7">1</subfield>
    <subfield code="8">NFIC</subfield>
    <subfield code="a">RUCL</subfield>
    <subfield code="b">RUCL</subfield>
    <subfield code="c">Reading</subfield>
    <subfield code="d">1976-05-03</subfield>
    <subfield code="l">0</subfield>
    <subfield code="o">U 332.1092 ABH 1963</subfield>
    <subfield code="r">2023-08-23 00:00:00</subfield>
    <subfield code="t">C-1</subfield>
    <subfield code="w">2023-08-23</subfield>
    <subfield code="y">BK</subfield>
  </datafield>
</record>
